000
00265nam a22001217a 4500
008
190306b xxu||||| |||| 00| 0 eng d
041
_a
eng
080
_2
12th
_a
531
100
_a
43
101
_a
FIZ
245
_a
Conceptual Physics
_c
Hewitt, P.G
942
_2
udc
_c
BK
999
_c
54654
_d
54654